Johann Willenberger und seine Veduten mährischer Städte /

Main Author: Spurný, František, 1927-2004
Other Authors: Willenberg, Jan, 1571-1613
Language: German
Published: [Lüneburg] : Verlag Nordostdeutsches Kulturwerk, [2000]
Physical Description: s.178-185 : il. (faksim) ; 27 cm
Book
Saved in:
LEADER 01194nam a2200325 a 4500
001 000601354
003 CZ BrMZK
005 20020614081612.0
007 ta
008 020520s2000 gw f ger d
040 |a BOA001  |b cze 
041 1 |a ger  |h cze 
043 |a e-xr---  |b e-xr-mr  |2 czenas 
080 |a (437.32)  |2 MRF 
080 |a (048.8)  |2 MRF 
080 |a 7.047  |2 MRF 
100 1 |a Spurný, František,  |d 1927-2004  |7 jk01120720  |4 aut 
245 1 0 |a Johann Willenberger und seine Veduten mährischer Städte /  |c von František Spurný 
246 3 3 |a Lüneburger Beiträge zur Vedutenforschung 
260 |a [Lüneburg] :  |b Verlag Nordostdeutsches Kulturwerk,  |c [2000] 
300 |a s.178-185 :  |b il. (faksim) ;  |c 27 cm 
500 |a Separát z: Lüneburger Beiträge zur Vedutenforschung, II 
500 |a Přeloženo z češtiny 
504 |a Obsahuje poznámky 
650 0 7 |a veduty  |7 ph127003  |x města  |x sbírky  |z Morava (Česko)  |2 czenas 
655 7 |a studie  |7 fd133597  |2 czenas 
700 1 |a Willenberg, Jan,  |d 1571-1613  |7 jn19981002410  |4 hnr 
910 |a BOA001  |b 3-1103.369 
990 |a BK 
996 7 |b 2610161533  |c 3-1103.369  |l MZK  |r Sklad / do 1 hodiny  |n 20  |p dar  |w 000601354  |u 000010  |a 1  |e BOA001  |j MZK50  |s A